000 00984nam a2200229Ia 4500
003 Ost
005 20260507075129.0
008 260507s9999||||xx |||||||||||||| ||und||
020 _a×113169957
040 _cfsecg
041 _aara
082 _a330
100 _aذوابة، محمد عمر
_eمؤلف
245 0 _aعقد التحويل المصرفي الإلكتروني :
_bدراسات قانونية مقارنة /
_c محمد عمر ذوابة
260 _aعمان:
_bدار الثقافة للنشر والتوزيع,
_c2006
300 _a281 صفحة؛
_bإيضاحات ؛
_c24 سم
520 _aماهية عقد التحويل المصرفي الإلكتروني- إنعقاده-إثباته- أحكامه- آثاره- مسؤولية أطراف عقد التحويل المصرفي الإلكتروني.
653 _aالتحويل المصرفي
653 _aالمصارف
700 _aياملكي، أكرم
_eمؤلف ثانوي
942 _cكتاب
999 _c43191
_d43191